00679nam 2200205u 4500001000800000005001700008008004100025035002100066906004500087010001700132040001900149050001600168100004400184245006500228260004200293300003700335650003200372991003900404099003000443685800900000000000000.0821108s1924 nyu 000 0 eng  9(DLC) 24029404 a0bcbccpremunvduencipf19gy-gencatlg a 24029404  aDLCcCarPdDLC00aMT50b.W3911 aWedge, George Anson. [from old catalog]10aKeyboard harmony;ba practical application of music theory,  aNew York,bG. Schirmer, inc.c[c1924] avi, 194 p.b2 fold. tab.c27 cm. 0aHarmony. [from old catalog] bc-MusichMT50i.W391tCopy 1wPREM awedge-keyboard-1071952290